Regional tourism policy in Slovakia
Regionálna politika turizmu na Slovensku. Prieskum a výsledky.
Na minha lista:
| Autor principal: | |
|---|---|
| Outros Autores: | |
| Formato: | Capítulo de Livro |
| Idioma: | inglês |
| Assuntos: | |
| Tags: |
Sem tags, seja o primeiro a adicionar uma tag!
|
MARC
| LEADER | 00000naa$a2200000$$$4500 | ||
|---|---|---|---|
| 001 | 0092645 | ||
| 005 | 20231107072735.4 | ||
| 041 | 0 | |a eng | |
| 044 | |a CZ | ||
| 245 | 1 | 0 | |a Regional tourism policy in Slovakia |c Jana Kučerová, Tomáš Makovník |
| 520 | |a Regionálna politika turizmu na Slovensku. Prieskum a výsledky. | ||
| 610 | 2 | 0 | |a ruch cestovný |
| 610 | 2 | 0 | |a politika |
| 610 | 2 | 0 | |a Slovensko |
| 100 | 1 | |a Kučerová, Jana | |
| 700 | 1 | |a Makovník, Tomáš | |